000 00640cam a22002293a 4500
001 20214
003 PGUSA
005 20140828083428.0
008 061229s2006||||xxu|||||s|||||000 | eng d
040 _aPGUSA
_beng
042 _adc
050 4 _aQA
100 1 _aStanley, W.
245 1 0 _aInstruction for Using a Slide Rule
_h[electronic resource] /
_cW. Stanley
260 _bProject Gutenberg,
_c2006
506 _aPublic domain in the USA.
516 _aElectronic text
653 _aSlide-rule -- Handbooks, manuals, etc.
830 0 _aProject Gutenberg
_v20214
856 4 0 _uhttp://www.gutenberg.org/ebooks/20214
942 _cEB
999 _c249469
_d249469